000 00591nam a2200217Ia 4500
005 20250508163727.0
008 008 250505s9999 xx 000 0 eng d
020 _a0-205-15778-5
037 _aReference
040 _aFEDL
_beng
_cFEDL
041 _aeng
_2eng
084 _a371.102, ORN
_qFEDL
100 _aOrnstein Allan C
_9276110
245 0 _aTeaching : Theory into practice
260 _aBoston, USA
_bAllyn and Bacon
_c1995
300 _aviii,408p
365 _aUSD
_b50.95
650 _aTeaching
942 _cREF
_h371.102, ORN
999 _c1384920
_d1384920